Tokyo By Picture - Statistics

General Stats
  • This quiz has been taken 125 times
  • The average score is 9 of 15
Answer Stats
Picture Hint Answer % Correct
Tokyo Tower
93%
Fictional Character Godzilla
86%
World's busiest street Shibuya
82%
Airport Narita International Airport
81%
Busiest Railway Station in the World Shinjuku
73%
Tokyo Skytree
71%
An Otaku cultural center and a shopping district for video games, Anime, manga, and cultural goods Akihabara
69%
{Rainbow} Bridge
66%
{Imperial} Palace
56%
Famous Fish Market {Tsukiji} Market
56%
Mt Fuji
52%
{Meiji} Shrine
50%
{Senso-Ji} Temple
47%
National Diet Building
23%
{Nakagin} Capsule Tower
8%
No matching quizzes found
Score Distribution
Percent of People with Each Score
Percentile by Number Answered
Your Score History
You have not taken this quiz